| 000 | 00337nam a22001457a 4500 | ||
|---|---|---|---|
| 003 | SGT | ||
| 020 | _a9788125017455 | ||
| 082 | _a340,MEH | ||
| 100 | _aMEHTA,ABHAY. | ||
| 245 |
_aPOWER PLAY _bA STUDY OF THE ENRON PROJECT |
||
| 260 |
_aHYDERABAD _bORIENT LONGMAN LIMITED _c2000 |
||
| 300 | _a226 | ||
| 650 | _aLAW BOOKS | ||
| 942 |
_2ddc _cBK |
||
| 999 |
_c10302 _d10302 |
||